000 00335nam a22001457a 4500
008 230927b ||||| |||| 00| 0 eng d
020 _a9780415910279
041 _aeng
080 _a618
082 _a618FIN
100 _a15
101 _aGJINEKO
245 _aTHE NEUTERED MOTHER THE SEXUAL FAMILY
_cFINEMAN.A.M
942 _2udc
_cBK
999 _c60410
_d60410